1781 1365 1988 1992 1003 1133 1695 1302 1062 1604 1328 1031 1941 1680 1575 1960 1915 1843 1616 1913 1015 1211 1593 1730 1474 1550 1271 1872 1912 1083 1683 1842 1367 1499 1518 1603 1457 1244 1327 1705 1307 1604 1837 1791 1027 1234 1918 1307 1759 1268 1217 1811 1686 1724 1029 1815 1684 1915 1895 1267 1581 1632 1577 1784 1745 1613 1924 1637 1479 1622 1790 1845 1855 1994 1466 1671 1763 1546 1242 1675 1381 1950 1712 1914 1948 1700 1972 1210 1304 1576 1465 1817 1550 1566 1692 1779 1529 1377 1315 BCNSPRNW ULIB Ver.6.0+V

เปลี่ยนเป็นภาษาไทย

Change to English
 แสดงรายละเอียดบรรณานุกรม
  กลับหน้าหลัก

Brief Record : Get Marc (ISO 2709) : E-mail record : QR code < ปิดหน้าต่าง
LEADER : 00000nam 2200000uu 4500
001    13399127036
003     ULIB
008    020711s2561 th a 000 0 tha d
020    ^a9786163920430
060    ^aWS103^bก344น
110    ^aกองบรรณาธิการสำนักพิมพ์โลกหนังสือ
245    ^aนกแขกเต้ากตัญญู นิทานสุภาษิต (สองภาษาไทย-อังก กฤษ) สอนให้เด็กมีความกตัญญูรู้คุณต่อพ่อแม่และผู้มีพระคุณ
250    ^aพิมพ์ครั้งที่ 1
260    ^aกรุงเทพฯ :^bบริษัทสำนักพิมพ์โลกหนังสือ จำกัด,^c2561
300    ^a12 หน้า;^b21 ซม.
650    ^aเด็ก^xการเรียนการสอน
945    ^p50^l0^i006224
999    ^aประนอม เกษจรัล
รายการนี้ยังไม่มีแท็ก
คุณยังไม่ได้ล็อกอิน คุณสามารถมีกิจกรรมร่วมกับเว็บไซต์ได้ แต่ต้องล็อกอินก่อน ::
  ล็อกอิน

รายการสื่อสารสนเทศ

ลำดับที่ ประเภท เลขเรียก/บาร์โค้ด สถานที่ สถานะ
1. วิทยาศาสตร์การแพทย์ และสุขภาพ
วิทยาศาสตร์การแพทย์ และสุขภาพ
WS103 ก344น ฉ.1 
  Barcode: 006224
ห้องสมุดวิทยาเขตสวรรค์ประชารักษ์
►หนังสือทั่วไป
บนชั้น

BibComment


ยังไม่เคยถูกคอมเมนท์

คอมเมนท์ทรัพยากรรายการนี้
  คอมเมนท์: นกแขกเต้ากตัญญู ..


 Copyright 2026. Bcnsprnw @Library